Statistics for Countries of Oceania by First 2 Letters in 30 Seconds

Click here to take the quiz!

General Stats

  • This quiz has been taken 129 times
  • The average score is 13 of 16

Answer Stats

country % Correct
Australia
99%
New Zealand
97%
Palau
96%
Papua New Guinea
96%
Marshall Islands
89%
Solomon Islands
89%
Fiji
86%
Nauru
84%
Samoa
84%
Vanuatu
82%
Kiribati
81%
Tuvalu
81%
Micronesia
77%
Tonga
77%
Niue
19%
Cook Islands
18%

Score Distribution

Percentile by Number Answered

Percent of People with Each Score

Your Score History

You have not taken this quiz